000 00430nam a2200169Ia 4500
005 20250923144402.0
008 008 250917s9999 xx 000 0 eng d
037 _aReference
040 _aDSWL
_beng
_cDSWL
041 _aeng
_2eng
084 _qDSWL
245 0 _aSocial welfare forum, 1951
_cby NCSW
260 _aNew York
_b Columbia Univ Press
_c1951
300 _a380 p.
942 _cREF
999 _c1438188
_d1438188